000 00425nam a22001097a 4500
008 150826b xxu||||| |||| 00| 0 eng d
020 _a0774732350
082 _a372.210 971 BLA
100 _aBLAXALL JANETH
_cKILBRIDE KENISE MURPHY , MCKENNA DONNA, WARBERG CAROLYN, YEATES MARILYNN
245 _aCHILDREN AT THE CENTRE
_bPRINCIPLES OF EARLY CHILDHOOD EDUCATION IN CANADA
260 _aNEW YORK
_bHARCOURT BRACE & COMPANY ,CANADA
_c1996
999 _c997
_d997